| 000 | 01641ngm a22004090a 4500 | ||
|---|---|---|---|
| 001 | PT13517 | ||
| 003 | AR-LpoUNG | ||
| 005 | 20210202000312.0 | ||
| 007 | vd cvaizq | ||
| 008 | 191001s1998||||ag |||||||||||||||||spa d | ||
| 020 | _a9504359264 (o.c.) | ||
| 040 |
_aAR-LpoUNG _bspa _cAR-LpoUNG _eaacr |
||
| 041 | _aspa | ||
| 044 | _aag | ||
| 082 | 0 | _a982 632v2 | |
| 100 | 1 |
_aPigna, Felipe _edir. |
|
| 245 | 1 | 0 |
_aHistoria Argentina 1814 - 1837 : _bprocesos socioeconómicos, políticos y culturales |
| 260 |
_aBuenos Aires : _bDiana, _c1998. |
||
| 300 | _aVHS (57 min.) : son., col. | ||
| 505 | 0 | _aGuión: Marta Dino, Carlos Mora ; narración: Marcela Giorgi, Néstor Sulla ; asistencia: Bárbara Scotto ; animación: Matías Alonzo, Federico Meliz. - Se acompaña con una guía de trabajo, inventario Nº 12514 | |
| 520 | _aContenido: El directorio; el congreso de Tucumán; Artigas; el federalismo; los caudillos; la constitución de 1819; unitarios y federales; Cepeda; Martín Rodríguez y Rivadavia; la constitución de 1826; Rivadavia presidente; la guerra con Brasil; Quiroga; el romanticismo; las revoluciones liberales; la generación del 37 | ||
| 650 | 4 | _aANALISIS HISTORICO | |
| 650 | 4 | _aCULTURA | |
| 650 | 4 | _aHISTORIA | |
| 650 | 4 | _aINDEPENDENCIA | |
| 650 | 4 | _aMOVIMIENTOS DE LIBERACION NACIONAL | |
| 650 | 4 | _aPOBLACION | |
| 650 | 4 | _aPOLITICA | |
| 650 | 4 | _aSOCIEDAD | |
| 651 | 4 | _aArgentina | |
| 653 | _aVIDEOS | ||
| 653 | _aVIDEOS DIDACTICOS | ||
| 710 | 2 | _aEscuela Superior de Comercio Carlos Pellegrini (Buenos Aires) | |
| 710 | 2 | _aUniversidad de Buenos Aires | |
| 905 | _a13517 | ||
| 942 | _cVIDEO | ||
| 999 |
_c54565 _d54565 |
||